<?xml version="1.0" encoding="UTF-8"?>
<record
    xmlns:xsi="http://www.w3.org/2001/XMLSchema-instance"
    xsi:schemaLocation="http://www.loc.gov/MARC21/slim http://www.loc.gov/standards/marcxml/schema/MARC21slim.xsd"
    xmlns="http://www.loc.gov/MARC21/slim">

  <leader>03241njm a2200589Ia 4500</leader>
  <controlfield tag="001">20754</controlfield>
  <controlfield tag="003">IT-RoPAU</controlfield>
  <controlfield tag="005">20220918181119.0</controlfield>
  <controlfield tag="008">131025s9999    xx            000 0 und d</controlfield>
  <datafield tag="040" ind1=" " ind2=" ">
    <subfield code="a">IT-RoPAU</subfield>
  </datafield>
  <datafield tag="040" ind1=" " ind2=" ">
    <subfield code="c">IT-RoPAU</subfield>
  </datafield>
  <datafield tag="041" ind1=" " ind2=" ">
    <subfield code="a">ITALIANO</subfield>
  </datafield>
  <datafield tag="999" ind1=" " ind2=" ">
    <subfield code="c">99615</subfield>
    <subfield code="d">99615</subfield>
  </datafield>
  <datafield tag="999" ind1=" " ind2=" ">
    <subfield code="b">n.d.</subfield>
  </datafield>
  <datafield tag="100" ind1=" " ind2=" ">
    <subfield code="a">AA.VV.</subfield>
    <subfield code="9">794</subfield>
  </datafield>
  <datafield tag="100" ind1=" " ind2=" ">
    <subfield code="e">Autore musica</subfield>
    <subfield code="9">2912</subfield>
  </datafield>
  <datafield tag="100" ind1=" " ind2=" ">
    <subfield code="g">Codice autore musica SPICS: 12000</subfield>
    <subfield code="9">796</subfield>
  </datafield>
  <datafield tag="245" ind1=" " ind2=" ">
    <subfield code="a">Ritmo sincopato (Il)</subfield>
  </datafield>
  <datafield tag="250" ind1=" " ind2=" ">
    <subfield code="a">2a ed.</subfield>
  </datafield>
  <datafield tag="260" ind1=" " ind2=" ">
    <subfield code="a">MILANO</subfield>
  </datafield>
  <datafield tag="260" ind1=" " ind2=" ">
    <subfield code="b">FRATELLI FABBRI EDITORI</subfield>
    <subfield code="c">1982 [1a Ed.:1970]</subfield>
  </datafield>
  <datafield tag="300" ind1=" " ind2=" ">
    <subfield code="a">DISCO</subfield>
  </datafield>
  <datafield tag="300" ind1=" " ind2=" ">
    <subfield code="c">25 minuti (Testo:  pag.)</subfield>
  </datafield>
  <datafield tag="500" ind1=" " ind2=" ">
    <subfield code="a">Canzone italiana. Ritmo, sparare per amore, amico, mici, voce del cuore, sempre insieme.</subfield>
  </datafield>
  <datafield tag="505" ind1=" " ind2=" ">
    <subfield code="a">C'&#xE8; un'orchestra sincopata (4:00) - Ritmando in sol (3:00) - Il pinguino innamorato (3:00) - Lodovico (3:00) - Quel motivetto che mi piace tanto (4:00) - Maramao perch&#xE9; sei morto? (4:00) - Ba-ba baciami piccina (3:00) - Notte e d&#xEC; (4:00)</subfield>
  </datafield>
  <datafield tag="511" ind1=" " ind2=" ">
    <subfield code="a">Trio Lescano (Il)</subfield>
  </datafield>
  <datafield tag="511" ind1=" " ind2=" ">
    <subfield code="a">Leschan Caterinetta</subfield>
  </datafield>
  <datafield tag="511" ind1=" " ind2=" ">
    <subfield code="a">Fioresi Silvana</subfield>
  </datafield>
  <datafield tag="511" ind1=" " ind2=" ">
    <subfield code="a">De Sica Vittorio</subfield>
  </datafield>
  <datafield tag="511" ind1=" " ind2=" ">
    <subfield code="a">Barzizza Pippo e orchestra</subfield>
  </datafield>
  <datafield tag="511" ind1=" " ind2=" ">
    <subfield code="a">Jottini Maria</subfield>
  </datafield>
  <datafield tag="511" ind1=" " ind2=" ">
    <subfield code="a">Rabagliati Alberto</subfield>
  </datafield>
  <datafield tag="511" ind1=" " ind2=" ">
    <subfield code="a">Allori Tina</subfield>
  </datafield>
  <datafield tag="511" ind1=" " ind2=" ">
    <subfield code="a">Trio Capinere </subfield>
  </datafield>
  <datafield tag="650" ind1=" " ind2=" ">
    <subfield code="a">CANZONE ITALIAN [DISCHI]</subfield>
    <subfield code="e">Codice MATERIA SPICS: 9950</subfield>
    <subfield code="9">2913</subfield>
  </datafield>
  <datafield tag="700" ind1=" " ind2=" ">
    <subfield code="a">Cherubini Bixio</subfield>
    <subfield code="d">Codice autore musica SPICS: 13442</subfield>
    <subfield code="e">Autore musica</subfield>
    <subfield code="p">C'&#xE8; un'orchestra sincopata</subfield>
    <subfield code="9">2914</subfield>
  </datafield>
  <datafield tag="700" ind1=" " ind2=" ">
    <subfield code="a">Bixio Cesare Andrea</subfield>
    <subfield code="d">Codice autore testo/musica SPICS: 13441</subfield>
    <subfield code="e">Autore testo/musica</subfield>
    <subfield code="p">C'&#xE8; un'orchestra sincopata</subfield>
    <subfield code="9">2915</subfield>
  </datafield>
  <datafield tag="700" ind1=" " ind2=" ">
    <subfield code="a">Sordi</subfield>
    <subfield code="d">Codice autore musica SPICS: 13365</subfield>
    <subfield code="e">Autore musica</subfield>
    <subfield code="p">Ritmando in sol</subfield>
    <subfield code="9">2916</subfield>
  </datafield>
  <datafield tag="700" ind1=" " ind2=" ">
    <subfield code="a">Benedetto</subfield>
    <subfield code="d">Codice autore testo/musica SPICS: 13364</subfield>
    <subfield code="e">Autore testo/musica</subfield>
    <subfield code="p">Ritmando in sol</subfield>
    <subfield code="9">2917</subfield>
  </datafield>
  <datafield tag="700" ind1=" " ind2=" ">
    <subfield code="a">Consiglio Mario</subfield>
    <subfield code="d">Codice autore musica SPICS: 13371</subfield>
    <subfield code="e">Autore musica</subfield>
    <subfield code="p">Il pinguino innamorato</subfield>
    <subfield code="q">Il pinguino innamorato</subfield>
    <subfield code="9">2918</subfield>
  </datafield>
  <datafield tag="700" ind1=" " ind2=" ">
    <subfield code="a">Casiroli Nino</subfield>
    <subfield code="d">Codice autore testo/musica SPICS: 13508</subfield>
    <subfield code="e">Autore testo/musica</subfield>
    <subfield code="p">Il pinguino innamorato</subfield>
    <subfield code="9">2919</subfield>
  </datafield>
  <datafield tag="700" ind1=" " ind2=" ">
    <subfield code="a">Biancoli Oreste</subfield>
    <subfield code="d">Codice autore musica SPICS: 13367</subfield>
    <subfield code="e">Autore musica</subfield>
    <subfield code="p">Lodovico</subfield>
    <subfield code="9">2920</subfield>
  </datafield>
  <datafield tag="700" ind1=" " ind2=" ">
    <subfield code="a">Falconi Dino</subfield>
    <subfield code="d">Codice autore testo/musica SPICS: 5122</subfield>
    <subfield code="e">Autore testo/musica</subfield>
    <subfield code="p">Lodovico</subfield>
    <subfield code="9">2921</subfield>
  </datafield>
  <datafield tag="700" ind1=" " ind2=" ">
    <subfield code="a">Galdieri Michele</subfield>
    <subfield code="d">Codice autore musica SPICS: 13370</subfield>
    <subfield code="e">Autore musica</subfield>
    <subfield code="p">Quel motivetto che mi piace tanto</subfield>
    <subfield code="9">2922</subfield>
  </datafield>
  <datafield tag="700" ind1=" " ind2=" ">
    <subfield code="a">Caslar (Casolaro) Dan (Donato)</subfield>
    <subfield code="d">Codice autore testo/musica SPICS: 13369</subfield>
    <subfield code="e">Autore testo/musica</subfield>
    <subfield code="p">Quel motivetto che mi piace tanto</subfield>
    <subfield code="9">2923</subfield>
  </datafield>
  <datafield tag="700" ind1=" " ind2=" ">
    <subfield code="a">Panzeri Mario</subfield>
    <subfield code="d">Codice autore musica SPICS: 13372</subfield>
    <subfield code="e">Autore musica</subfield>
    <subfield code="p">Maramao perch&#xE9; sei morto?</subfield>
    <subfield code="9">2924</subfield>
  </datafield>
  <datafield tag="700" ind1=" " ind2=" ">
    <subfield code="a">Consiglio Mario</subfield>
    <subfield code="d">Codice autore testo/musica SPICS: 13371</subfield>
    <subfield code="e">Autore testo/musica</subfield>
    <subfield code="p">Maramao perch&#xE9; sei morto?</subfield>
    <subfield code="9">2925</subfield>
  </datafield>
  <datafield tag="700" ind1=" " ind2=" ">
    <subfield code="a">Morbelli Riccardo</subfield>
    <subfield code="d">Codice autore musica SPICS: 13446</subfield>
    <subfield code="e">Autore musica</subfield>
    <subfield code="p">Ba-ba baciami piccina</subfield>
    <subfield code="9">2926</subfield>
  </datafield>
  <datafield tag="700" ind1=" " ind2=" ">
    <subfield code="a">Astore Luigi</subfield>
    <subfield code="d">Codice autore testo/musica SPICS: 13374</subfield>
    <subfield code="e">Autore testo/musica</subfield>
    <subfield code="p">Ba-ba baciami piccina</subfield>
    <subfield code="9">2927</subfield>
  </datafield>
  <datafield tag="700" ind1=" " ind2=" ">
    <subfield code="a">Nisa (Salerno Nicola)</subfield>
    <subfield code="d">Codice autore musica SPICS: 13452</subfield>
    <subfield code="e">Autore musica</subfield>
    <subfield code="p">Notte e d&#xEC;</subfield>
    <subfield code="9">2928</subfield>
  </datafield>
  <datafield tag="700" ind1=" " ind2=" ">
    <subfield code="a">Redi Gino</subfield>
    <subfield code="d">Codice autore testo/musica SPICS: 13451</subfield>
    <subfield code="e">Autore testo/musica</subfield>
    <subfield code="p">Notte e d&#xEC;</subfield>
    <subfield code="9">2929</subfield>
  </datafield>
  <datafield tag="942" ind1=" " ind2=" ">
    <subfield code="c">MD</subfield>
    <subfield code="2">ddc</subfield>
  </datafield>
  <datafield tag="952" ind1=" " ind2=" ">
    <subfield code="0">0</subfield>
    <subfield code="1">0</subfield>
    <subfield code="4">0</subfield>
    <subfield code="6">20754_000000000000000</subfield>
    <subfield code="7">1</subfield>
    <subfield code="a">SPICS</subfield>
    <subfield code="b">SPICS</subfield>
    <subfield code="d">2013-10-25</subfield>
    <subfield code="l">0</subfield>
    <subfield code="o">20754</subfield>
    <subfield code="r">2013-10-25 00:00:00</subfield>
    <subfield code="w">2013-10-25</subfield>
    <subfield code="y">MD</subfield>
    <subfield code="z">Progr. Ins.: 4057 / N.Vol.: 1 / Copie: 2 - Copia rara: n.d. / date import: 01.01.2014 - By Epidotti, Trombetti, Vaglietti</subfield>
  </datafield>
</record>
